000 00249nam a2200109Ia 4500
100 _aJoshi/S.D
942 _cBK
654 _aObject oriented analysis
245 _aObject oriented analysis and design
260 _bTech Max
_c2003
546 _aENGLISH
999 _c24889
_d24889